<?xml version="1.0" encoding="UTF-8"?>
<record
    xmlns:xsi="http://www.w3.org/2001/XMLSchema-instance"
    xsi:schemaLocation="http://www.loc.gov/MARC21/slim http://www.loc.gov/standards/marcxml/schema/MARC21slim.xsd"
    xmlns="http://www.loc.gov/MARC21/slim">

  <leader>01518nam a2200325   4500</leader>
  <controlfield tag="001">114024</controlfield>
  <controlfield tag="003">DR-UNIBE</controlfield>
  <controlfield tag="005">20250821062546.0</controlfield>
  <controlfield tag="008">250807b        dr ||||| |||| 00| 1 spa d</controlfield>
  <datafield tag="020" ind1=" " ind2=" ">
    <subfield code="a">9789945098167</subfield>
  </datafield>
  <datafield tag="040" ind1=" " ind2=" ">
    <subfield code="a">BIBLIOTECA UNIBE</subfield>
    <subfield code="b">spa</subfield>
    <subfield code="c">BIBLIOTECA UNIBE</subfield>
    <subfield code="e">rda</subfield>
  </datafield>
  <datafield tag="041" ind1=" " ind2=" ">
    <subfield code="a">spa</subfield>
  </datafield>
  <datafield tag="090" ind1=" " ind2=" ">
    <subfield code="a">FBIU-PL CJ L579q</subfield>
  </datafield>
  <datafield tag="100" ind1=" " ind2=" ">
    <subfield code="a">Le&#xF3;n, Patricio</subfield>
    <subfield code="9">198243</subfield>
    <subfield code="e">autor</subfield>
  </datafield>
  <datafield tag="245" ind1=" " ind2=" ">
    <subfield code="a">&#xBF;Qu&#xE9; pas&#xF3; en Vennet? /</subfield>
    <subfield code="c">Patricio Le&#xF3;n; ilustraciones: Koco Toribio ; dise&#xF1;o y diagramaci&#xF3;n: Lissa  V. P&#xE9;rez G&#xF3;mez ; correcci&#xF3;n de estilo: Francisco Pe&#xF1;a, Rosmina Vald&#xE9;s ; presentaci&#xF3;n: Gamal Michel&#xE9;n Stefan</subfield>
  </datafield>
  <datafield tag="250" ind1=" " ind2=" ">
    <subfield code="a">Primera edici&#xF3;n</subfield>
  </datafield>
  <datafield tag="260" ind1=" " ind2=" ">
    <subfield code="a">Santo Domingo:</subfield>
    <subfield code="b">Patricio Le&#xF3;n,</subfield>
    <subfield code="c">[Fecha no identificada]</subfield>
  </datafield>
  <datafield tag="300" ind1=" " ind2=" ">
    <subfield code="a">123 p&#xE1;ginas :</subfield>
    <subfield code="b">ilustraciones a color ;</subfield>
    <subfield code="c">21 x 21</subfield>
  </datafield>
  <datafield tag="500" ind1=" " ind2=" ">
    <subfield code="a">Incluye &#xED;ndice, informaci&#xF3;n sobre el autor al inicio de la obra. Al final de cada cuento hay una gu&#xED;a did&#xE1;ctica y pr&#xE1;cticas de lectura. Comentarios sobre la obra en la contraportada</subfield>
  </datafield>
  <datafield tag="653" ind1=" " ind2=" ">
    <subfield code="a">Cuentos juveniles dominicanos</subfield>
  </datafield>
  <datafield tag="653" ind1=" " ind2=" ">
    <subfield code="a">Creatividad - Cuentos juveniles dominicanos</subfield>
  </datafield>
  <datafield tag="653" ind1=" " ind2=" ">
    <subfield code="a">Aventuras - Cuentos juveniles dominicanos</subfield>
  </datafield>
  <datafield tag="653" ind1=" " ind2=" ">
    <subfield code="a">Literatura juvenil dominicana</subfield>
  </datafield>
  <datafield tag="700" ind1=" " ind2=" ">
    <subfield code="a">Michel&#xE9;n Stefan, Gamal</subfield>
    <subfield code="9">198244</subfield>
    <subfield code="e">presentador</subfield>
  </datafield>
  <datafield tag="700" ind1=" " ind2=" ">
    <subfield code="a">Toribio, Koco</subfield>
    <subfield code="9">198245</subfield>
    <subfield code="e">ilustrador</subfield>
  </datafield>
  <datafield tag="700" ind1=" " ind2=" ">
    <subfield code="a">P&#xE9;rez G&#xF3;mez, Lissa</subfield>
    <subfield code="9">152859</subfield>
    <subfield code="e">dise&#xF1;ador</subfield>
    <subfield code="e">diagramador</subfield>
  </datafield>
  <datafield tag="700" ind1=" " ind2=" ">
    <subfield code="a">Pe&#xF1;a, Francisco</subfield>
    <subfield code="e">corrector de estilo</subfield>
    <subfield code="9">70604</subfield>
  </datafield>
  <datafield tag="700" ind1=" " ind2=" ">
    <subfield code="a">Vald&#xE9;s, Rosmina</subfield>
    <subfield code="9">198246</subfield>
    <subfield code="e">corrector de estilo</subfield>
  </datafield>
  <datafield tag="942" ind1=" " ind2=" ">
    <subfield code="2">ddc</subfield>
    <subfield code="c">BK</subfield>
  </datafield>
  <datafield tag="999" ind1=" " ind2=" ">
    <subfield code="c">114024</subfield>
    <subfield code="d">114024</subfield>
  </datafield>
  <datafield tag="952" ind1=" " ind2=" ">
    <subfield code="0">0</subfield>
    <subfield code="1">0</subfield>
    <subfield code="2">ddc</subfield>
    <subfield code="7">1</subfield>
    <subfield code="8">FBIU</subfield>
    <subfield code="a">Principal</subfield>
    <subfield code="d">2025-07-10</subfield>
    <subfield code="l">0</subfield>
    <subfield code="o">FBIU-PL CJ L579q</subfield>
    <subfield code="p">FBIU0895</subfield>
    <subfield code="r">2025-08-07 08:45:41</subfield>
    <subfield code="t">Ej.1</subfield>
    <subfield code="w">2025-08-07</subfield>
    <subfield code="y">BK-RES</subfield>
  </datafield>
</record>
